Central Library OPAC University of Rajshahi

Statistical analysis : (Record no. 7662)

MARC details
000 -LEADER
fixed length control field 00925cam a2200301 i 4500
001 - CONTROL NUMBER
control field 7662
003 - CONTROL NUMBER IDENTIFIER
rucl marc code BD-RjUL
005 - DATE AND TIME OF LATEST TRANSACTION
control field 20211208234443.0
008 - FIXED-LENGTH DATA ELEMENTS--GENERAL INFORMATION
fixed length control field 150114s1979 nyu b 001 0 eng
020 ## - INTERNATIONAL STANDARD BOOK NUMBER
International Standard Book Number 0120444607
035 ## - SYSTEM CONTROL NUMBER
System control number (BD-RjUL)7706
040 ## - CATALOGING SOURCE
Original cataloging agency DLC
Transcribing agency DLC
Modifying agency DLC
-- BD-RjUL
Language of cataloging eng
041 ## - LANGUAGE CODE
Language code of text/sound track or separate title eng
082 00 - DEWEY DECIMAL CLASSIFICATION NUMBER
Classification number 519.53
Author mark and year AFS
100 1# - MAIN ENTRY--PERSONAL NAME
Personal name Afifi, A. A.
Fuller form of name (Abdelmonem A.),
Dates associated with a name 1939-
9 (RLIN) 23890
245 10 - TITLE STATEMENT
Title Statistical analysis :
Remainder of title a computer oriented approach /
Statement of responsibility, etc. A. A. Afifi, S. P. Azen.
250 ## - EDITION STATEMENT
Edition statement 2d ed.
260 ## - PUBLICATION, DISTRIBUTION, ETC. (IMPRINT)
Place of publication, distribution, etc. New York :
Name of publisher, distributor, etc. Academic Press,
Date of publication, distribution, etc. c1979.
300 ## - PHYSICAL DESCRIPTION
Pagination xx, 442 p. ;
Size 24 cm.
500 ## - GENERAL NOTE
General note Includes index.
504 ## - BIBLIOGRAPHY, ETC. NOTE
Bibliography, etc Bibliography: p. 429-435.
650 #0 - SUBJECT ADDED ENTRY--TOPICAL TERM
Topical term or geographic name as entry element Multivariate analysis
General subdivision Data processing.
9 (RLIN) 22685
Topical term or geographic name as entry element Analysis of variance
General subdivision Data processing.
9 (RLIN) 23891
700 1# - ADDED ENTRY--PERSONAL NAME
Personal name Azen, S. P.,
Relator term joint author.
942 ## - ADDED ENTRY ELEMENTS (KOHA)
Source of classification or shelving scheme Dewey Decimal Classification
Koha item type Books
Holdings
Lost status Source of classification or shelving scheme Damaged status Not for loan Collection code Permanent Location Current Location Shelving location Date acquired Source of acquisition Cost, normal purchase price Total Checkouts Full call number Date last seen Copy number Koha item type
  Dewey Decimal Classification     Non-fiction Central Library, University of Rajshahi Central Library, University of Rajshahi   01/08/1985 Toplin co. ltd. 27.00   519.53 AFS 1979 15/01/2014 C-7 Books
  Dewey Decimal Classification     Non-fiction Central Library, University of Rajshahi Central Library, University of Rajshahi   27/07/1985 Tulip, Dhaka 27.00   519.53 AFS 1979 31/08/2016 C-3 Books
  Dewey Decimal Classification     Non-fiction Central Library, University of Rajshahi Central Library, University of Rajshahi   27/07/1985 Tulip, Dhaka 27.00   519.53 AFS 1979 31/08/2016 C-2 Books
  Dewey Decimal Classification     Non-fiction Central Library, University of Rajshahi Central Library, University of Rajshahi   27/07/1985 Tulip, Dhaka 27.00   519.53 AFS 1979 31/08/2016 C-4 Books
  Dewey Decimal Classification     Non-fiction Central Library, University of Rajshahi Central Library, University of Rajshahi   27/07/1985 Tulip, Dhaka 27.00   519.53 AFS 1979 31/08/2016 C-5 Books
  Dewey Decimal Classification     Non-fiction Central Library, University of Rajshahi Central Library, University of Rajshahi   27/07/1985 Tulip 27.00   519.53 AFS 1979 03/10/2016 C-6 Books
  Dewey Decimal Classification   Not For Loan Non-fiction Central Library, University of Rajshahi Central Library, University of Rajshahi Reading Room 27/07/1985 Tulip 27.00   519.53 AFS 1979 23/03/2017 C-1 Books